<?xml version="1.0" encoding="UTF-8"?><?xml-stylesheet type="text/xsl" href="static/style.xsl"?><OAI-PMH xmlns="http://www.openarchives.org/OAI/2.0/" xmlns:xsi="http://www.w3.org/2001/XMLSchema-instance" xsi:schemaLocation="http://www.openarchives.org/OAI/2.0/ http://www.openarchives.org/OAI/2.0/OAI-PMH.xsd"><responseDate>2026-04-17T01:51:19Z</responseDate><request verb="GetRecord" identifier="oai:www.recercat.cat:10256/17639" metadataPrefix="marc">https://recercat.cat/oai/request</request><GetRecord><record><header><identifier>oai:recercat.cat:10256/17639</identifier><datestamp>2024-06-18T12:31:24Z</datestamp><setSpec>com_2072_452955</setSpec><setSpec>com_2072_2054</setSpec><setSpec>col_2072_453072</setSpec></header><metadata><record xmlns="http://www.loc.gov/MARC21/slim" xmlns:dcterms="http://purl.org/dc/terms/" xmlns:xsi="http://www.w3.org/2001/XMLSchema-instance" xmlns:doc="http://www.lyncode.com/xoai" xsi:schemaLocation="http://www.loc.gov/MARC21/slim http://www.loc.gov/standards/marcxml/schema/MARC21slim.xsd">
   <leader>00925njm 22002777a 4500</leader>
   <datafield ind2=" " ind1=" " tag="042">
      <subfield code="a">dc</subfield>
   </datafield>
   <datafield ind2=" " ind1=" " tag="720">
      <subfield code="a">Opazo Salvatierra, Margarita</subfield>
      <subfield code="e">author</subfield>
   </datafield>
   <datafield ind2=" " ind1=" " tag="720">
      <subfield code="a">Pérez i Cabaní, Maria Lluïsa</subfield>
      <subfield code="e">author</subfield>
   </datafield>
   <datafield ind2=" " ind1=" " tag="720">
      <subfield code="a">Sepúlveda Obreque, Alejandro</subfield>
      <subfield code="e">author</subfield>
   </datafield>
   <datafield ind2=" " ind1=" " tag="260">
      <subfield code="c">2016</subfield>
   </datafield>
   <datafield ind2=" " ind1=" " tag="520">
      <subfield code="a">The decisions that teachers make about evaluation affects the quality of the learning outcome, it could be said that interventions to improve the quality level of the students' learning should start by changing the evaluation activities and procedures. This study aims to analyze which assessment strategies are used by teacher trainers of Basic Education at the University of Playa Ancha, which ones are considered more likely to display authentic tasks and the correspondence between those declared in the learning modules. The information was gathered through a check table and content analysis of documents. The results show that although the evaluation strategies used by teachers are numerous and diverse in nature, a low percentage of them are likely to mobilize authentic tasks and that the conventional instrument more frequently used are tests with dichotomous response questions or multiple choice. In the discussion some lines of work are proposed to advance in the direction of assessing through authentic tasks and to bring closer to what is stated in the modules (said) to the evaluation activities used (done)</subfield>
   </datafield>
   <datafield ind2=" " ind1=" " tag="520">
      <subfield code="a">Numerosos estudios muestran cómo las decisiones de los docentes sobre la evaluación inciden en la calidad del aprendizaje de los estudiantes. En este estudio se analizan las estrategias de evaluación utilizadas en la carrera de Educación Básica de la Universidad de Playa Ancha, cuáles de ellas son más proclives al despliegue de tareas auténticas y cómo se corresponden con las declaradas en Ios módulos de aprendizaje. Para recabar la información se utilizó la tabla de cotejo y el análisis de contenido. Los resultados muestran que, aunque las estrategias de evaluación empleadas por los docentes son diversas, un bajo porcentaje de ellas son proclives a la movilización de tareas auténticas. En la discusión, se apuntan algunas líneas de trabajo para avanzar en la dirección de evaluar a través de tareas auténticas y de aproximar lo que se declara en los módulos (lo dicho) a las actividades de evaluación que se utilizan (lo hecho)</subfield>
   </datafield>
   <datafield ind1="8" ind2=" " tag="024">
      <subfield code="a">http://hdl.handle.net/10256/17639</subfield>
   </datafield>
   <datafield tag="653" ind2=" " ind1=" ">
      <subfield code="a">Estudiants universitaris -- Avaluació</subfield>
   </datafield>
   <datafield tag="653" ind2=" " ind1=" ">
      <subfield code="a">College students -- Evaluation</subfield>
   </datafield>
   <datafield tag="653" ind2=" " ind1=" ">
      <subfield code="a">Educació -- Avaluació</subfield>
   </datafield>
   <datafield tag="653" ind2=" " ind1=" ">
      <subfield code="a">Education -- Evaluation</subfield>
   </datafield>
   <datafield tag="653" ind2=" " ind1=" ">
      <subfield code="a">Professors -- Formació</subfield>
   </datafield>
   <datafield tag="653" ind2=" " ind1=" ">
      <subfield code="a">Teachers -- Training of</subfield>
   </datafield>
   <datafield tag="653" ind2=" " ind1=" ">
      <subfield code="a">Qualitat de l'educació</subfield>
   </datafield>
   <datafield tag="653" ind2=" " ind1=" ">
      <subfield code="a">Educational Quality</subfield>
   </datafield>
   <datafield ind2="0" ind1="0" tag="245">
      <subfield code="a">Del dicho al hecho en la evaluación del aprendizaje en la universidad: la conveniencia de evaluar a través de tareas auténticas</subfield>
   </datafield>
</record></metadata></record></GetRecord></OAI-PMH>